Statistics for Countries of Africa

Click here to take the quiz!

General Stats

  • This quiz has been taken 16 times
  • The average score is 48 of 54

Answer Stats

HintAnswer% Correct
10,380 kmGambia
100%
580,367 kmKenya
100%
111,369 kmLiberia
100%
587,041 kmMadagascar
100%
825,418 kmNamibia
100%
1,267,000 kmNiger
100%
923,768 kmNigeria
100%
1,221,037 kmSouth Africa
100%
241,037 kmUganda
100%
752,614 kmZambia
100%
2,381,741 kmAlgeria
92%
1,246,700 kmAngola
92%
112,622 kmBenin
92%
1,284,000 kmChad
92%
342,000 kmCongo
92%
2,345,409 kmDR Congo
92%
1,001,449 kmEgypt
92%
1,104,300 kmEthiopia
92%
267,668 kmGabon
92%
238,534 kmGhana
92%
245,857 kmGuinea
92%
1,759,540 kmLibya
92%
710,850 kmMorocco
92%
26,798 kmRwanda
92%
196,723 kmSenegal
92%
637,657 kmSomalia
92%
1,861,484 kmSudan
92%
945,203 kmTanzania
92%
56,785 kmTogo
92%
390,757 kmZimbabwe
92%
581,726 kmBotswana
85%
27,830 kmBurundi
85%
475,442 kmCameroon
85%
4,033 kmCape Verde
85%
2,235 kmComoros
85%
23,200 kmDjibouti
85%
117,600 kmEritrea
85%
17,364 kmEswatini
85%
36,125 kmGuinea-Bissau
85%
30,355 kmLesotho
85%
118,484 kmMalawi
85%
1,240,192 kmMali
85%
801,590 kmMozambique
85%
451 kmSeychelles
85%
71,740 kmSierra Leone
85%
644,329 kmSouth Sudan
85%
163,610 kmTunisia
85%
274,000 kmBurkina Faso
77%
622,984 kmCentral African Republic
77%
28,051 kmEquatorial Guinea
77%
322,460 kmIvory Coast
77%
1,030,700 kmMauritania
77%
2,040 kmMauritius
77%
964 kmSao Tome & Principe
77%

Score Distribution

Percentile by Number Answered

Percent of People with Each Score

Your Score History

You have not taken this quiz